000 00981nam a2200253Ia 4500
003 OSt
005 20220930200304.0
006 a|||||r|||| 00| 0
007 ta
008 220926b |||||||| |||| 00| 0 eng d
024 _a26058
037 _cDissertations
040 _aCRL
_cCRL
_beng
041 _2eng
_aeng
100 _aSeth Suresh
_9564773
110 _aUniversity of Delhi. National Institute of Health and Family Welfare. Department of Medical Care and Hospital Administration
_9523836
245 0 _aStudy of the management information system in a hospital based on selected in-patient care data
260 _c1996
650 _aHOSPITALS - ADMINISTRATION
_9523837
700 _a Dr A K Agarwal Supervisor
_9525336
700 _aUniversity of Delhi. National Institute of Health and Family Welfare. Department of Medical Care and Hospital Administration
_9523839
942 _cDIS
_2CC
999 _c900441
_d900441